| LEADER | 01089nam a2200277 a 4500 | ||
|---|---|---|---|
| 001 | GR-MES1106 | ||
| 008 | 991111s1996 gr 000 0 gre d | ||
| 020 | |a 960306176X | ||
| 040 | |a GrPaTEI |b gre |c GR-PaULI | ||
| 245 | 0 | 0 | |a Ελληνικός τουρισμός : |b Μύθοι και πραγματικότητα. |
| 260 | |a Αθήνα : |b Anubis, |c 1996 | ||
| 300 | |a 200σελ. : |b εικ | ||
| 500 | |a Περιλαμβάνει βιβλιογραφικές αναφορές | ||
| 650 | 4 | |a Ελλάδα | |
| 650 | 4 | |a Τουρισμός | |
| 700 | 1 | |a Αποστολοπουλος, Ε. | |
| 700 | 1 | |a Βαλυράκης, Δ. | |
| 700 | 1 | |a Βρανόπουλος, Ε. | |
| 700 | 1 | |a Γαντζίας, Κ. | |
| 700 | 1 | |a Γκιζιάκης, Κ. | |
| 700 | 1 | |a Γκιόλμαν, Μ. | |
| 710 | 0 | |a Anubis | |
| 942 | |2 ddc | ||
| 952 | |0 0 |1 0 |2 ddc |4 0 |6 338_479000000000000_1_ΑΠΟ |7 0 |9 264989 |a MSLG |b MSLG |c BSC |d 2021-01-17 |e 24 |f 1 |g 0.00 |l 0 |o 338.479 1 ΑΠΟ |p 2420000006510 |r 2021-01-17 00:00:00 |t 1 |w 2021-01-17 |y BK15 |x 19991111 0 1 |x GrPaTEI | ||
| 971 | |a .b25721483 |b 16-04-20 |c 13-09-16 | ||
| 999 | |c 152384 |d 152384 | ||